Twilight Characters First Names - Statistics

General Stats
  • This quiz has been taken 397 times
  • The average score is 17 of 20
Answer Stats
Hint Answer % Correct
Cullen Bella
98%
Cullen Edward
98%
Black Jacob
97%
Cullen Alice
96%
Cullen Jasper
96%
Cullen Rosalie
94%
Swan Charlie
92%
Cullen Emmett
91%
Cullen Carlisle
89%
Cullen Esme
89%
Clearwater Leah
85%
Cullen Renesmee
84%
Clearwater Seth
84%
Uley Sam
82%
Black Billy
79%
Clearwater Harry
69%
Clearwater Sue
69%
Ateara Quil
63%
Biers Riley
61%
Call Embry
56%
No matching quizzes found
Score Distribution
Percent of People with Each Score
Percentile by Number Answered
Your Score History
You have not taken this quiz